Capitali del Mondo per Lettera - A - Statistics

Statistiche generali
  • Questo quiz è stato fatto 3.907 volte
  • Il punteggio medio è 9 su 16
Statistiche sulle risposte
Country Capital City % Corretto
Netherlands Amsterdam
75%
Andorra Andorra la Vella
75%
Greece Atene
70%
Turkey Ankara
69%
Algeria Algeri
62%
Paraguay Asunción
62%
Madagascar Antananarivo
57%
Ethiopia Addis Abeba
56%
Kazakhstan Astana
51%
Ghana Accra
49%
Jordan Amman
45%
United Arab Emirates Abu Dhabi
42%
Eritrea Asmara
42%
Nigeria Abuja
41%
Samoa Apia
38%
Turkmenistan Ashgabat
38%
Nessun quiz corrispondente trovato
Distribuzione punteggi
Percentuale di utenti per punteggio
Percentile per numero di risposta
I tuoi punteggi nel tempo
Non hai fatto questo quiz